[Event "Titled Tue 26th Aug Early"]
[Site "chess.com INT"]
[Date "2025.08.26"]
[Round "2"]
[White "Drygalov, Sergey"]
[Black "Buksa, Nataliya"]
[Result "1-0"]
[WhiteTitle "GM"]
[BlackTitle "IM"]
[WhiteElo "2560"]
[BlackElo "2400"]
[WhiteFideId "24171743"]
[BlackFideId "14123622"]
[EventDate "2025.08.26"]

1. d4 d5 2. c4 e6 3. Nc3 Nf6 4. Nf3 Be7 5. Bf4 O-O 6. e3 b6 7. Bd3 Bb7 8. cxd5
exd5 9. Ne5 Nbd7 10. Qf3 Nxe5 11. dxe5 Ne4 12. Nxe4 dxe4 13. Bxe4 Bb4+ 14. Kf1
Bxe4 15. Qxe4 a5 16. a3 Be7 17. g4 Qd7 18. Bg3 Qb5+ 19. Kg2 Qxb2 20. Rhb1 Qe2
21. Rc1 Bc5 22. a4 Rae8 23. Rc2 Qa6 24. Rd1 Re7 25. Rcd2 Qc8 26. h3 h6 27. Qc6
Qe6 28. Qxe6 Rxe6 29. Rd7 c6 30. e4 g5 31. Rb7 Re7 32. Rxe7 Bxe7 33. Rd7 Bb4 34.
Rc7 c5 35. Rc6 Kg7 36. e6 fxe6 37. Be5+ Kf7 38. h4 Rd8 39. Rc7+ Ke8 40. h5 Rd7
41. Rc6 Ke7 42. Rxb6 c4 43. Rc6 Rd2 44. Rxc4 Re2 45. Kf3 Ra2 46. Rc7+ Ke8 47.
Rh7 Rxa4 48. Rxh6 Bf8 49. Rxe6+ Kf7 50. Rf6+ Kg8 51. h6 Ra3+ 52. Kg2 Be7 53.
Rg6+ Kh7 54. Rg7+ Kxh6 55. Rxe7 a4 56. Re6+ Kh7 57. Ra6 Ra2 58. Bg3 Kg7 59. e5
Kf7 60. e6+ Ke7 61. Be5 a3 62. Bd6+ Kxe6 63. Bxa3+ Kf7 64. Ra7+ Ke6 65. Bc5 Rb2
66. Be3 Rb5 67. Kf3 Kf6 68. Ra6+ Ke5 69. Rg6 Rb3 70. Rxg5+ Kf6 71. Rf5+ 1-0

[Event "Titled Tue 26th Aug Early"]
[Site "chess.com INT"]
[Date "2025.08.26"]
[Round "2"]
[White "Bulgak, Damir"]
[Black "Materia, Marco"]
[Result "0-1"]
[WhiteTitle "CM"]
[BlackTitle "IM"]
[WhiteElo "2254"]
[BlackElo "2500"]
[WhiteFideId "13528882"]
[BlackFideId "45150451"]
[EventDate "2025.08.26"]

1. e4 c6 2. Nf3 d5 3. Nc3 dxe4 4. Nxe4 Nf6 5. Qe2 Nxe4 6. Qxe4 Nd7 7. Bc4 Nf6 8.
Ne5 e6 9. Qe2 b5 10. Bd3 Bb7 11. b3 a6 12. a4 b4 13. Bb2 c5 14. O-O Be7 15. f4
O-O 16. Rae1 g6 17. Bc4 Qb6 18. g4 Rfd8 19. g5 Nh5 20. Nxf7 Qc6 21. Nh6+ Kf8 22.
Kf2 Qg2+ 23. Ke3 Qh3+ 24. Rf3 Bxf3 25. Qxf3 Qxf3+ 26. Kxf3 Rxd2 27. Rxe6 Rxc2
28. Be5 a5 29. Bf6 Bxf6 30. gxf6 Re8 31. Rc6 Rxh2 32. f7 Rh3+ 33. Kf2 Rd8 34.
Ng4 Nxf4 35. Ne5 Nd3+ 36. Bxd3 Rhxd3 37. Nxd3 Rxd3 38. Rxc5 Rxb3 39. Rxa5 Kxf7
40. Rb5 Kf6 41. a5 Ra3 42. Rb6+ Kg5 43. Rb5+ Kh6 44. Ke2 g5 45. Kd2 Kh5 46. Kc2
Kh4 47. Rxb4+ g4 48. Rb5 g3 49. Kb2 g2 50. Rb4+ Kh3 51. Kxa3 g1=Q 52. Rb3+ Kg4
53. Ka4 h5 54. Rb4+ Kf5 55. a6 Qa1+ 56. Kb5 Ke6 57. Ra4 Qb1+ 58. Kc5 Qg1+ 59.
Kb5 Qa7 60. Rh4 Qb8+ 61. Ka4 Qe8+ 62. Ka5 Qd8+ 63. Kb5 Qxh4 64. a7 Qd8 65. Kc6
Qa8+ 66. Kb6 h4 0-1

[Event "Titled Tue 26th Aug Early"]
[Site "chess.com INT"]
[Date "2025.08.26"]
[Round "2"]
[White "Fontaine, Quentin"]
[Black "Yeganegi, Barad"]
[Result "1/2-1/2"]
[WhiteTitle "FM"]
[BlackTitle "FM"]
[WhiteElo "2314"]
[BlackElo "2400"]
[WhiteFideId "230804"]
[BlackFideId "42516340"]
[EventDate "2025.08.26"]

1. d4 Nf6 2. Nf3 e6 3. Nbd2 c5 4. e4 cxd4 5. e5 Nd5 6. Nxd4 Nc6 7. Nxc6 bxc6 8.
Ne4 Qc7 9. f4 f5 10. Nd6+ Bxd6 11. exd6 Qb6 12. c4 Ne3 13. Qh5+ g6 14. Qe2 Nxf1
15. Rxf1 Qb4+ 16. Qd2 Qxc4 17. b3 Qe4+ 18. Kf2 Ba6 19. Re1 Qd5 20. Qxd5 cxd5 21.
Bb2 O-O 22. Rac1 Bb5 23. Be5 Bc6 24. Rc5 a5 25. Rec1 a4 26. b4 Rab8 27. a3 Rfc8
28. g3 Kf7 29. Ke3 h6 30. Kd4 Rd8 31. Ra5 g5 32. Rxc6 dxc6 33. Ra7+ Kg6 34. Rg7+
Kh5 35. h3 Rb5 36. Re7 gxf4 37. gxf4 Kh4 38. Rxe6 Kxh3 39. Rxh6+ Kg4 40. Rg6+
Kf3 41. Rf6 Kg4 42. Rf7 Kf3 43. Rc7 Ke2 44. Rxc6 Kd2 45. Rc5 Rb6 46. Kxd5 Kd3
47. Ke6 Ke4 48. Ke7 Rbb8 49. d7 Ra8 50. Bc7 Rh8 51. d8=Q Raxd8 52. Bxd8 Kxf4 53.
Bc7+ Kg4 54. b5 Rh7+ 55. Kd6 f4 56. b6 Rh6+ 57. Kd7 Rh7+ 58. Kc6 Rh6+ 59. Kb5 f3
60. b7 f2 61. Rc1 Rh5+ 62. Ka6 Rc5 63. Rxc5 f1=Q+ 64. Kb6 Qf6+ 65. Rc6 Qd4+ 66.
Ka6 Qd3+ 67. Ka7 Qd5 68. b8=Q Qxc6 69. Qg8+ Kf5 70. Qf7+ Ke4 71. Qf4+ Kd3 72.
Qd6+ Qxd6 73. Bxd6 Kc4 74. Kb6 Kd5 75. Bb4 Ke6 76. Kb5 Kd7 77. Kb6 Kc8 78. Bd6
Kd7 79. Bh2 Ke6 80. Bg3 Kd7 81. Kb7 Ke6 82. Bf4 Kd7 83. Bh2 Ke6 84. Kb6 Kd7 85.
Kb5 Kc8 86. Kxa4 Kb7 87. Kb5 Ka8 1/2-1/2

[Event "Titled Tue 26th Aug Early"]
[Site "chess.com INT"]
[Date "2025.08.26"]
[Round "2"]
[White "Moskvin, Anatoly"]
[Black "Henriquez Villagra, Cristobal"]
[Result "0-1"]
[WhiteTitle "CM"]
[BlackTitle "GM"]
[WhiteElo "2192"]
[BlackElo "2592"]
[WhiteFideId "24199990"]
[BlackFideId "3409350"]
[EventDate "2025.08.26"]

1. e4 c6 2. c4 d5 3. exd5 cxd5 4. cxd5 Nf6 5. Nc3 g6 6. Nf3 Bg7 7. Bc4 O-O 8.
O-O Nbd7 9. d3 a6 10. a4 b6 11. h3 Bb7 12. Be3 Rc8 13. Qb3 Nc5 14. Qa2 Qd6 15.
b4 Nxd3 16. Rab1 Nxb4 17. Qb3 Nbxd5 18. Rfd1 e6 19. Nxd5 Nxd5 20. Bxb6 Qxb6 21.
Bxd5 Qxb3 22. Bxb3 Rfd8 23. Nd2 Bc6 24. Nc4 Bd4 25. Na5 Ba8 26. Kf1 Kg7 27. Rbc1
Rxc1 28. Rxc1 Bb6 29. Nc4 Ba7 30. Ne5 Bb8 31. Ng4 h5 32. Ne3 Kf6 33. g3 Bb7 34.
Ke2 Rc8 35. Rxc8 Bxc8 36. h4 Bc7 37. Bc4 Bb7 38. Nc2 a5 39. Bb5 Ke7 40. Ne3 Be4
41. Nc4 Bd5 42. Ne3 Bb7 43. Nc4 f6 44. Ne3 g5 45. Kf1 gxh4 46. gxh4 Kf7 47. Bc4
Bc6 48. Bb3 Ke7 49. Ke2 f5 50. Kf1 Kf6 51. Nc2 Bb6 52. Na3 Be8 53. Nb5 Bd8 54.
Nd6 Bd7 55. Nc4 e5 56. Nd6 e4 57. Ke2 Bc7 58. Nb5 Bb6 59. f3 Bc6 60. fxe4 fxe4
61. Bc2 Ke5 62. Bb1 Bd7 63. Nc3 Bg4+ 64. Ke1 e3 65. Ne4 Kd4 66. Nf6 Bf3 67. Bg6
Bc5 0-1

[Event "Titled Tue 26th Aug Early"]
[Site "chess.com INT"]
[Date "2025.08.26"]
[Round "2"]
[White "Vihaan Karthikeya N"]
[Black "Grot, Blazej"]
[Result "1-0"]
[WhiteTitle "CM"]
[BlackTitle "CM"]
[WhiteElo "2179"]
[BlackElo "2207"]
[WhiteFideId "25950673"]
[BlackFideId "21835845"]
[EventDate "2025.08.26"]

1. d4 Nf6 2. c4 e6 3. Nc3 d5 4. cxd5 exd5 5. Bg5 c6 6. e3 h6 7. Bh4 Be7 8. Bd3
O-O 9. Nge2 Ne8 10. Bxe7 Qxe7 11. O-O Nd6 12. Qc2 Nd7 13. Ng3 Nf6 14. Rae1 h5
15. f3 h4 16. Nf5 Bxf5 17. Bxf5 Nxf5 18. Qxf5 Rae8 19. e4 Qb4 20. e5 Qxd4+ 21.
Kh1 Nh7 22. f4 Re6 23. Qh5 Rh6 24. Qg4 Qb4 25. Nd1 Re8 26. Ne3 Qxb2 27. Re2 Qb5
28. Ref2 d4 29. Nf5 Rg6 30. Qxh4 Qc5 31. Nd6 Rxd6 32. exd6 Qxd6 33. h3 c5 34. f5
Nf6 35. Rf3 d3 36. Qc4 d2 37. Rd3 Qc6 38. Rxd2 b5 39. Qf4 c4 40. Rd6 Qc5 41.
Rxf6 gxf6 42. Qh6 Qe5 43. Rf4 Qe1+ 44. Kh2 Qe5 45. Kh1 Qa1+ 46. Kh2 Qe5 47. h4
c3 48. Kh3 Qe3+ 49. g3 Qe2 50. Rg4+ Qxg4+ 51. Kxg4 c2 52. Qc1 Rc8 53. Kh5 a5 54.
g4 b4 55. g5 Rc5 56. gxf6 Rxf5+ 57. Kg4 Rxf6 58. Qxc2 Rg6+ 59. Kf5 Rh6 60. Qc8+
Kg7 61. Qd8 Rh5+ 62. Kg4 a4 63. Kxh5 b3 64. Qg5+ Kf8 65. axb3 axb3 66. Kh6 b2
67. Qd8# 1-0

[Event "Titled Tue 26th Aug Early"]
[Site "chess.com INT"]
[Date "2025.08.26"]
[Round "2"]
[White "Pournami S"]
[Black "Cuellar Montes, Alejandro"]
[Result "1-0"]
[WhiteTitle "WCM"]
[BlackTitle "CM"]
[WhiteElo "1753"]
[BlackElo "2155"]
[WhiteFideId "25732439"]
[BlackFideId "32096836"]
[EventDate "2025.08.26"]

1. e4 d6 2. d4 Nf6 3. Bd3 e5 4. c3 Be7 5. Ne2 O-O 6. f4 exd4 7. cxd4 d5 8. e5
Ne4 9. O-O c5 10. dxc5 Bxc5+ 11. Kh1 Nf2+ 12. Rxf2 Bxf2 13. Nbc3 d4 14. Ne4 Be3
15. Bxe3 dxe3 16. N4g3 Nc6 17. Ne4 Bg4 18. h3 Qh4 19. Kg1 Bf5 20. Nf6+ gxf6 21.
Bxf5 Qf2+ 22. Kh1 fxe5 23. Qd3 exf4 24. Bxh7+ Kh8 25. Be4 Rad8 26. Qb5 Qh4 27.
Rf1 f6 28. Rxf4 Qg5 29. Rf5 Rd1+ 30. Kh2 Qg7 31. Rh5+ Kg8 32. Qb3+ Qf7 33. Rd5
Re1 34. Qxe3 Qc7+ 35. g3 Ne5 36. Qd2 Rf1 37. Nf4 Qc1 38. Qxc1 Rxc1 39. Ne6 Rfc8
40. Nd4 Re1 41. h4 Rxe4 42. Nf5 Rc2+ 43. Kh3 Nf3 44. Rd8+ Kf7 45. Nd6+ Ke7 46.
Re8+ Kxd6 47. Rxe4 Rh2+ 48. Kg4 Ne5+ 49. Kf5 Rf2+ 50. Rf4 Rg2 51. Kxf6 Kd5 52.
Rf5 Rxg3 53. Rxe5+ Kd4 54. Rg5 Rf3+ 55. Kg6 Rh3 56. h5 Rh2 57. h6 Kd3 58. h7
Rxh7 59. Kxh7 Kc2 60. Rg7 b5 61. Rxa7 Kxb2 62. Rb7 b4 63. Rxb4+ Ka3 64. Rb7 Kxa2
65. Kg6 1-0

[Event "Titled Tue 26th Aug Early"]
[Site "chess.com INT"]
[Date "2025.08.26"]
[Round "2"]
[White "Essing, Arnold"]
[Black "Shubhi Gupta"]
[Result "1-0"]
[WhiteTitle "FM"]
[BlackTitle "WFM"]
[WhiteElo "2206"]
[BlackElo "2213"]
[WhiteFideId "4619862"]
[BlackFideId "25195425"]
[EventDate "2025.08.26"]

1. d4 d5 2. Nf3 Nf6 3. c4 e6 4. Nc3 Be7 5. Bg5 Nbd7 6. e3 O-O 7. Bd3 h6 8. Bh4
dxc4 9. Bxc4 c5 10. O-O a6 11. Qe2 b5 12. Bb3 Bb7 13. Rfd1 Qb6 14. d5 exd5 15.
Nxd5 Nxd5 16. Bxe7 Nxe7 17. Rxd7 Ng6 18. Rad1 Rad8 19. Bxf7+ Kh7 20. Rxd8 Rxd8
21. Rxd8 Qxd8 22. Qc2 Be4 23. Bxg6+ Bxg6 24. Qd2 Qf6 25. h3 c4 26. a3 Bd3 27.
Nd4 Qb6 28. Qb4 Qf6 29. Qc5 Be4 30. f3 Bg6 31. Qc6 Qe5 32. Kf2 Qg5 33. Qe6 Qc5
34. Qxa6 b4 35. Qb5 Qxb5 36. Nxb5 c3 37. bxc3 b3 38. a4 b2 39. Na3 b1=Q 40. Nxb1
Bxb1 41. a5 Bd3 42. e4 Kg6 43. Ke3 Ba6 44. g3 Kf6 45. h4 Ke6 46. f4 Kd6 47. Kd4
g6 48. c4 Kc6 49. c5 Bf1 50. g4 Be2 51. g5 hxg5 52. hxg5 Bb5 53. f5 gxf5 54.
exf5 Kd7 55. g6 Ke7 56. Kd5 Bf1 57. c6 Kf6 58. Kd6 Ba6 59. c7 Bc8 60. Kc6 Bxf5
61. g7 Kxg7 62. Kb7 Be4+ 63. Kb8 Bf5 64. c8=Q Bxc8 65. Kxc8 Kf7 66. a6 Ke6 67.
a7 Kd6 68. a8=Q Kc5 69. Qa7+ 1-0

[Event "Titled Tue 26th Aug Early"]
[Site "chess.com INT"]
[Date "2025.08.26"]
[Round "2"]
[White "Pein, Jonathan"]
[Black "Vasquez Schroeder, Rodrigo"]
[Result "0-1"]
[WhiteTitle "FM"]
[BlackTitle "GM"]
[WhiteElo "2279"]
[BlackElo "2446"]
[WhiteFideId "417092"]
[BlackFideId "3400042"]
[EventDate "2025.08.26"]

1. e4 c5 2. g3 d5 3. exd5 Qxd5 4. Nf3 Nc6 5. Bg2 Qe4+ 6. Kf1 Bg4 7. d3 Qe6 8. h3
Bh5 9. Na3 Qd7 10. Nc4 f6 11. Be3 b6 12. Nfe5 Bxd1 13. Nxd7 Kxd7 14. Rxd1 e5 15.
c3 Rd8 16. h4 Kc7 17. h5 Nge7 18. Ke2 Nd5 19. Bd2 Be7 20. Ne3 Nxe3 21. Bxe3 f5
22. d4 cxd4 23. cxd4 Nxd4+ 24. Bxd4 exd4 25. Kd3 Bf6 26. Rc1+ Kd7 27. Rc6 Rc8
28. Rhc1 Rxc6 29. Rxc6 Re8 30. h6 Re1 31. hxg7 Bxg7 32. Rc2 Rd1+ 33. Ke2 Rg1 34.
Bh3 Ke6 35. Kf3 Be5 36. Ke2 Rh1 37. Bg2 Rh2 38. Kf3 Rh6 39. Rc6+ Bd6 40. Ke2 Kd7
41. Rc2 a5 42. Kd3 Bc5 43. a3 Rd6 44. Rc4 Rh6 45. b4 axb4 46. axb4 Bd6 47. Rxd4
Rh2 48. Bd5 Rxf2 49. Rh4 Kd8 50. Rxh7 Bxb4 51. Be6 Bc5 52. Kc4 Rf3 53. Kd5 Rxg3
54. Rh8+ Ke7 55. Rh7+ Kf6 56. Rf7+ Kg6 57. Rxf5 Rd3+ 58. Kc4 Re3 59. Bc8 Re8 60.
Bd7 Re7 61. Rd5 Kf6 62. Kb5 Re4 63. Kc6 Ke7 64. Bf5 Rf4 65. Bc8 Rf6+ 66. Kb5 Rg6
67. Bf5 Rg3 68. Kc6 Rc3 69. Rd3 Rc1 70. Kd5 Kf6 71. Bd7 Re1 72. Bc6 Re6 73. Kc4
Rxc6 74. Kd5 Rd6+ 75. Kc4 Rxd3 76. Kxd3 Ke5 0-1

[Event "Titled Tue 26th Aug Early"]
[Site "chess.com INT"]
[Date "2025.08.26"]
[Round "2"]
[White "Le, Tuan Minh"]
[Black "Daulet, Alikhan"]
[Result "1-0"]
[WhiteTitle "GM"]
[BlackTitle "CM"]
[WhiteElo "2598"]
[BlackElo "2158"]
[WhiteFideId "12401153"]
[BlackFideId "13741632"]
[EventDate "2025.08.26"]

1. d4 d5 2. Nf3 Nf6 3. Bf4 e6 4. e3 c5 5. c3 Nc6 6. Nbd2 cxd4 7. exd4 Nh5 8. Be5
f6 9. Bg3 g6 10. Be2 Bg7 11. O-O O-O 12. c4 Kh8 13. Rc1 Nxg3 14. hxg3 dxc4 15.
Nxc4 b6 16. Ne3 Ne7 17. Qb3 Qd7 18. Rfe1 Bb7 19. Bb5 Qd6 20. Nc4 Qd5 21. Ne3
Qxb3 22. axb3 Rfc8 23. Bd7 Rxc1 24. Rxc1 Bc8 25. Rc7 Bxd7 26. Rxd7 Nc6 27. Rd6
Nd8 28. g4 h6 29. Rd7 Kg8 30. d5 exd5 31. Nxd5 Nc6 32. Rd6 Na5 33. Nd4 Nb7 34.
Rd7 Nc5 35. Rc7 Rd8 36. Nc6 Rd7 37. Rxd7 Nxd7 38. Nxa7 Bf8 39. Nc6 Kf7 40. Nd8+
Ke8 41. Ne6 Bd6 42. b4 Kf7 43. Nd8+ Ke8 44. Nc6 Kf7 45. Kf1 Ke6 46. Ne3 b5 47.
Nd4+ Kf7 48. Nxb5 Bxb4 49. Ke2 Ne5 50. f3 g5 51. Nd4 Kg6 52. Nd5 Bc5 53. Ne6 Ba7
54. b4 h5 55. gxh5+ Kxh5 56. Nxf6+ Kg6 57. Ng4 Nc4 58. Kd3 Nd6 59. Nd4 Kf7 60.
Ne5+ Kf6 61. Nc4 Nc8 62. b5 Bc5 63. Nb3 Ba7 64. Ke4 Ke6 65. Nd4+ Kd7 66. Nc6 Bc5
67. Kf5 Bg1 68. Kxg5 Nd6 69. Nxd6 Kxd6 70. Kf5 Kc5 71. g4 Kxb5 72. Ne5 Kc5 73.
Ke6 Be3 74. Nf7 Bf4 75. g5 1-0

[Event "Titled Tue 26th Aug Early"]
[Site "chess.com INT"]
[Date "2025.08.26"]
[Round "2"]
[White "Loftgaard, Mikkel Vinh"]
[Black "Ibarra Jerez, Jose Carlos"]
[Result "0-1"]
[WhiteTitle "FM"]
[BlackTitle "GM"]
[WhiteElo "2281"]
[BlackElo "2545"]
[WhiteFideId "1468480"]
[BlackFideId "2226332"]
[EventDate "2025.08.26"]

1. e4 c5 2. Nf3 Nc6 3. c3 Nf6 4. e5 Nd5 5. d4 cxd4 6. cxd4 d6 7. Bc4 dxe5 8.
dxe5 Be6 9. O-O g6 10. Ng5 Bg7 11. Nxe6 fxe6 12. Qg4 Nxe5 13. Bb5+ Kf7 14. Qh3
Qb6 15. Ba4 Rhf8 16. Bb3 Kg8 17. Nc3 Rad8 18. Bh6 Bxh6 19. Qxh6 Rxf2 20. Rxf2
Qxf2+ 21. Kxf2 Ng4+ 22. Kf3 Nxh6 23. Rd1 Rf8+ 24. Ke4 Ng4 25. Kd4 Nge3 26. Re1
Rf4+ 27. Ke5 Kf7 28. Nxd5 Nxd5 29. Re2 g5 30. g3 Rf5+ 31. Ke4 g4 32. Kd4 h5 33.
Rc2 Kf6 34. Rc8 Kf7 35. Rb8 b6 36. Ra8 a5 37. Rh8 Rf2 38. Rxh5 Rxb2 39. Rh7+ Kf6
40. Rh6+ Kf7 41. Rh7+ Kf8 42. Rh4 Rd2+ 43. Ke5 Re2+ 44. Kd4 Nf6 45. Bc4 Re4+ 46.
Kd3 e5 47. Bb3 Rd4+ 48. Ke3 a4 49. Be6 Kg7 50. h3 gxh3 51. Rxh3 Re4+ 52. Kd3
Rd4+ 53. Ke3 Ne4 54. Rh4 Nc5 55. Bc8 Rd3+ 56. Ke2 Rxg3 57. Rb4 Rg2+ 58. Ke3 Rxa2
59. Rxb6 Ra3+ 60. Ke2 Rb3 61. Rc6 Ne4 62. Re6 Nd6 63. Ba6 e4 64. Rxe7+ Kf6 65.
Ra7 a3 66. Kd2 e3+ 67. Ke1 Ke5 68. Be2 Rb1+ 69. Bd1 Nc4 70. Ke2 Rb2+ 71. Ke1 a2
72. Ra4 Kd4 73. Be2 Rb1+ 74. Bd1 a1=Q 75. Rxa1 Rxa1 76. Ke2 Ra2+ 77. Ke1 Ra1 78.
Ke2 Ra7 79. Bc2 Rf7 80. Bb3 Rf2+ 81. Ke1 Ne5 82. Bd1 Nd3# 0-1

[Event "Titled Tue 26th Aug Early"]
[Site "chess.com INT"]
[Date "2025.08.26"]
[Round "2"]
[White "Smieszek, Wojciech"]
[Black "Saydaliev, Saidakbar"]
[Result "1-0"]
[WhiteTitle "CM"]
[BlackTitle "IM"]
[WhiteElo "2141"]
[BlackElo "2455"]
[WhiteFideId "1156047"]
[BlackFideId "14203693"]
[EventDate "2025.08.26"]

1. e4 e6 2. d4 d5 3. Bd3 dxe4 4. Bxe4 Nf6 5. Bf3 c5 6. Ne2 cxd4 7. Qxd4 Qxd4 8.
Nxd4 a6 9. O-O Bc5 10. Nb3 Ba7 11. Nc3 Nc6 12. Bxc6+ bxc6 13. Bf4 Nd5 14. Nxd5
cxd5 15. Rfe1 O-O 16. Be3 Bd7 17. Bxa7 Rxa7 18. Nd4 Rb8 19. b3 Rc7 20. Rac1 Rb6
21. h3 Kf8 22. Re2 Ke7 23. Nf5+ Kf6 24. Ne3 Bb5 25. Rd2 h5 26. Rxd5 g6 27. c4
Bc6 28. Rd6 Ke7 29. Rcd1 a5 30. f3 a4 31. R6d3 Rcb7 32. Rb1 axb3 33. Rdxb3 Rxb3
34. axb3 f5 35. Kf2 Ra7 36. Rb2 e5 37. b4 f4 38. Nd1 g5 39. b5 Ba8 40. b6 Rd7
41. Nc3 g4 42. hxg4 hxg4 43. fxg4 e4 44. Nd5+ Kd6 45. Nxf4 Ke5 46. Ke3 Bb7 47.
c5 Rd8 48. Rc2 Bc6 49. Ng6+ Kf6 50. Nf4 Ra8 51. Rc3 Kg5 52. Ne6+ Kxg4 53. Nd4
Bd5 54. c6 Rf8 55. c7 Bb7 56. Ne6 Rf6 57. Nd8 Ba6 58. b7 Rf1 59. c8=Q+ Kg3 60.
Kxe4+ Kh2 61. Ne6 Kg1 62. Qc5+ Kxg2 63. Nf4+ Kh1 64. Qh5+ Kg1 65. Rg3+ Kf2 66.
Qh2+ Ke1 67. Re3+ Kd1 68. Rd3+ Bxd3+ 69. Kxd3 Rf3+ 70. Kd4 Rb3 71. Nd3 Rxb7 72.
Qh1+ Kd2 73. Qxb7 Kd1 74. Qb1+ Ke2 75. Qe1+ Kf3 76. Qe3+ Kg2 77. Qf4 Kh1 78. Ke3
Kg2 79. Qg4+ Kh1 80. Kf2 Kh2 81. Qh4# 1-0

[Event "Titled Tue 26th Aug Early"]
[Site "chess.com INT"]
[Date "2025.08.26"]
[Round "2"]
[White "Kjaergaard-Jensen, Jesper"]
[Black "Jimenez Salas, Maria Teresa"]
[Result "0-1"]
[WhiteTitle "CM"]
[BlackTitle "WIM"]
[WhiteElo "2081"]
[BlackElo "2249"]
[WhiteFideId "1406990"]
[BlackFideId "3843866"]
[EventDate "2025.08.26"]

1. d4 d5 2. Nf3 Nf6 3. Bg5 Ne4 4. h4 c5 5. c3 Nc6 6. e3 Qb6 7. Qb3 c4 8. Qxb6
axb6 9. Nbd2 Bf5 10. Nxe4 Bxe4 11. Nd2 Bf5 12. e4 dxe4 13. Nxc4 Be6 14. Nxb6
Rxa2 15. Rxa2 Bxa2 16. Bc4 Bxc4 17. Nxc4 f6 18. Bf4 b5 19. Ne3 e6 20. Kd2 Be7
21. Ra1 Kf7 22. Ra6 Rc8 23. d5 exd5 24. Nxd5 Bc5 25. Ke2 b4 26. Nc7 bxc3 27.
bxc3 Ne7 28. c4 Nf5 29. Ne6 Nxh4 30. Nxc5 Rxc5 31. Ra4 Nxg2 32. Bd6 Rc6 33. c5
Nh4 34. Ke3 Nf5+ 35. Kxe4 Nxd6+ 36. Kd5 Rxc5+ 37. Kxc5 Nf5 38. Rf4 Kg6 39. Rg4+
Kh5 40. Rg2 g5 41. Kd5 Kg6 42. Ke4 h5 43. f4 Nh4 44. Rc2 f5+ 45. Ke5 Nf3+ 46.
Ke6 gxf4 47. Rf2 Ng5+ 48. Kd5 h4 49. Kd4 h3 50. Kd3 Ne6 51. Ke2 Kg5 52. Rf1 Kg4
53. Kf2 Ng5 54. Rg1+ Kh4 55. Rh1 Ne4+ 56. Kf3 Ng3 57. Rh2 Nh5 58. Rh1 Ng3 59.
Rh2 Nh5 60. Ra2 Ng3 61. Ra8 h2 62. Rh8+ Nh5 63. Kg2 f3+ 64. Kxh2 Kg4 65. Kg1 Ng3
66. Kf2 Ne4+ 67. Ke3 f2 68. Ke2 Kg3 69. Rg8+ Kh2 70. Kf1 Kh3 71. Rg7 Kh4 72. Rg8
Kh5 73. Rg7 Kh4 74. Rg8 Kh5 75. Rh8+ Kg4 76. Rg8+ Kf3 77. Rh8 Ng3# 0-1

[Event "Titled Tue 26th Aug Early"]
[Site "chess.com INT"]
[Date "2025.08.26"]
[Round "2"]
[White "Zhigalko, Sergei"]
[Black "Punin, Andrii"]
[Result "1-0"]
[WhiteTitle "GM"]
[BlackTitle "FM"]
[WhiteElo "2572"]
[BlackElo "2289"]
[WhiteFideId "13502956"]
[BlackFideId "14112639"]
[EventDate "2025.08.26"]

1. e4 d5 2. exd5 Qxd5 3. Nc3 Qa5 4. d4 Nf6 5. Nf3 c6 6. Ne5 Bf5 7. Bd3 Bxd3 8.
Qxd3 e6 9. O-O Nbd7 10. Nxd7 Kxd7 11. Bf4 Bb4 12. Be5 Rag8 13. Ne2 Ng4 14. Qf3
Nxe5 15. dxe5 Qxe5 16. Qxf7+ Kc8 17. Nf4 Re8 18. Nd3 Qd6 19. Qxg7 Ba5 20. Qe5
Qd8 21. Rad1 Bc7 22. Qe4 Qg5 23. Rfe1 Rhg8 24. g3 h5 25. Ne5 h4 26. Kg2 Qh5 27.
Qf3 Qh8 28. Qe4 Ref8 29. Nd3 Rf6 30. Re3 Qh5 31. Rde1 hxg3 32. fxg3 Rh8 33. Qh4
Qxh4 34. gxh4 Rxh4 35. h3 Rg6+ 36. Kf1 Rf6+ 37. Ke2 Rfh6 38. Rh1 b6 39. Nf2 Bd6
40. Ne4 Be7 41. Nd2 Bg5 42. Nf3 Bxe3 43. Nxh4 Rxh4 44. Kxe3 Kd7 45. Kf3 Ke7 46.
Kg3 Rh8 47. h4 Kf6 48. Kf4 Rd8 49. h5 Kg7 50. h6+ Kh7 51. Rh2 Rd5 52. Ke4 a5 53.
c4 Rc5 54. b3 a4 55. Kd4 axb3 56. axb3 Rg5 57. Re2 Rg3 58. b4 c5+ 59. bxc5 bxc5+
60. Kxc5 Kxh6 61. Rxe6+ Kg7 62. Kd5 Kf7 63. Re2 Rd3+ 64. Kc6 Rd8 65. c5 Rc8+ 66.
Kd6 Rd8+ 67. Kc7 Rd5 68. c6 Rd3 69. Kb7 Rb3+ 70. Kc8 Rc3 71. c7 Rd3 72. Re4 Rd5
73. Kb7 Rb5+ 74. Kc6 Rb1 75. c8=Q Rc1+ 76. Kb7 Rxc8 77. Kxc8 Kf6 78. Ra4 1-0

[Event "Titled Tue 26th Aug Early"]
[Site "chess.com INT"]
[Date "2025.08.26"]
[Round "2"]
[White "Grieve, Harry"]
[Black "Kourkoulos-Arditis, Stamatis"]
[Result "0-1"]
[WhiteTitle "IM"]
[BlackTitle "GM"]
[WhiteElo "2479"]
[BlackElo "2581"]
[WhiteFideId "426520"]
[BlackFideId "4221990"]
[EventDate "2025.08.26"]

1. e4 d6 2. d4 Nf6 3. Nc3 e5 4. Nf3 Nbd7 5. Be2 Be7 6. O-O O-O 7. a4 c6 8. a5
Qc7 9. Re1 Re8 10. h3 exd4 11. Nxd4 Bf8 12. Bf3 Ne5 13. Bg5 Nxf3+ 14. Qxf3 Nd7
15. Qg3 Nc5 16. Bd2 g6 17. b4 Ne6 18. Nf5 Kh8 19. Nh6 Bg7 20. Rad1 Nd4 21. Qxd6
Qe7 22. Bg5 Qe6 23. Rxd4 Qxd6 24. Rxd6 Bxc3 25. Re3 Bb2 26. Nxf7+ Kg7 27. Nh6
Be6 28. c3 Bc1 29. Ng4 Bxg4 30. hxg4 Bxe3 31. Rd7+ Kg8 32. Bxe3 b6 33. a6 Rxe4
34. Bd4 Rxg4 35. Rg7+ Kf8 36. Rxh7 Re8 37. Rh8+ Kf7 38. Rh7+ Ke6 39. Rxa7 Kd5
40. Bxb6 Rh4 41. g3 Rh5 42. Rd7+ Kc4 43. a7 Kb5 44. Rb7 Rhh8 45. Bc7+ Ka6 46.
Rb8 Kxa7 47. Rb6 Rc8 48. Rxc6 Kb7 49. Rxg6 Rxc7 50. Kg2 Rhc8 51. Rf6 Rxc3 52. g4
R8c7 53. g5 Rg7 54. f4 Rc6 55. Rf5 Rc4 56. Kg3 Rxb4 57. Kg4 Kc7 58. Rd5 Kc6 59.
Rd8 Rb1 60. Kf5 Kc7 61. Rd5 Rb6 62. Kg4 Rd6 63. Re5 Kd7 64. f5 Rd1 65. f6 Rg8
66. f7 Rg1+ 67. Kf5 Rf1+ 68. Kg4 Rxf7 69. Kh5 Re7 70. Rf5 Ke8 71. g6 Re6 72. Rg5
Rg7 73. Kh6 Kf8 74. Rf5+ Kg8 75. Rg5 Rf6 76. Rg4 Rf1 77. Rc4 Rh1+ 78. Kg5 Rg1+
79. Kf6 R7xg6+ 0-1

[Event "Titled Tue 26th Aug Early"]
[Site "chess.com INT"]
[Date "2025.08.26"]
[Round "2"]
[White "Aravindh, Chithambaram VR."]
[Black "Mummana Venkata Ruthvik"]
[Result "0-1"]
[WhiteTitle "GM"]
[BlackTitle "CM"]
[WhiteElo "2723"]
[BlackElo "2237"]
[WhiteFideId "5072786"]
[BlackFideId "25697307"]
[EventDate "2025.08.26"]

1. c4 Nf6 2. Nc3 g6 3. e4 d6 4. g3 Bg7 5. Bg2 O-O 6. Nge2 c5 7. d4 cxd4 8. Nxd4
Nc6 9. Nxc6 bxc6 10. O-O Be6 11. Qe2 Qa5 12. Rd1 Qb4 13. Bf1 Nd7 14. Bg5 Rfe8
15. Bd2 Qxb2 16. Rab1 Qa3 17. Qe3 Ne5 18. Rb3 Qa6 19. Nd5 Qc8 20. Rc1 Bg4 21.
Nf4 Nf3+ 22. Kg2 e5 23. Ne2 Nd4 24. Nxd4 exd4 25. Qd3 f5 26. Re1 fxe4 27. Rxe4
Bf5 28. Rxe8+ Qxe8 29. Qe2 Qf7 30. Qf3 Re8 31. Kg1 Qd7 32. Rb4 Be4 33. Qb3 c5
34. Rb8 Bc6 35. Bg2 Bxg2 36. Kxg2 h5 37. h3 Kh7 38. Rxe8 Qxe8 39. Qf3 Qa4 40.
Qd5 Qxa2 41. Bf4 Qe2 42. Bxd6 d3 43. Bf4 a5 44. Qd7 Qe4+ 45. Kh2 Qd4 46. Qb7 d2
47. Bxd2 Qxd2 48. Kg2 Qb4 49. Qe4 a4 50. g4 hxg4 51. Qxg4 Qd2 52. Qh4+ Kg8 53.
Qe4 Qd6 54. Qa8+ Kh7 55. Qxa4 Qd4 56. Qb3 Be5 57. Qb7+ Kh6 58. Qf7 Bg7 59. Qe6
Qe5 60. Qg4 Qg5 61. Kg3 Qxg4+ 62. hxg4 Bd4 63. f4 Kg7 64. Kf3 Kf6 65. Ke4 Ke6
66. Kf3 Bb2 67. Ke4 Bc1 68. Kf3 g5 69. fxg5 Bxg5 70. Ke4 Bh6 71. Kd3 Ke5 0-1